Every Album of the Year Since 2000 - Statistics

General Stats
  • This quiz has been taken 5 times
  • The average score is 4 of 25
Answer Stats
Year Artist Genre Answer % Correct
2012 Frank Ocean Alternative R&B channel ORANGE
100%
2015 Kendrick Lamar Conscious Hip Hop To Pimp a Butterfly
100%
2005 Sufjan Stevens Chamber Pop Illinois
50%
2014 D'Angelo and The Vanguard Neo-Soul Black Messiah
25%
2020 Fiona Apple Art Pop Fetch the Bolt Cutters
25%
2009 Animal Collective Psychadelic Pop Merriweather Post Pavilion
25%
2024 Charles Lloyd Post-Bop The Sky Will Still Be There Tomorrow
25%
2007 Burial Dubstep Untrue.
25%
2000 D'Angelo Neo-Soul Voodoo
25%
2002 Wilco Indie Rock Yankee Hotel Foxtrot
25%
2017 Cécile McLorin Salvant Vocal Jazz Dreams and Daggers
0%
2022 SAULT Neo-Soul Earth
0%
2001 Fennesz Ambient/Glitch Endless Summer
0%
2023 jaimie branch Avant-Garde Jazz Fly or Die Fly or Die Fly or Die
0%
2019 Nick Cave and the Bad Seeds Ambient Pop Ghosteen
0%
2010 Anaïs Mitchell Americana Hadestown
0%
2011 PJ Harvey Art Rock Let England Shake
0%
2004 Mastodon Sludge Metal Leviathan
0%
2008 DJ Sprinkles Deep House Midtown 120 Blues
0%
2003 The Microphones Avant-Folk Mount Eerie
0%
2006 Tom Waits Blues Rock Orphans: Brawlers, Bawlers & Bastards
0%
2021 Self Esteem Electropop Prioritise Pleasure
0%
2018 Mary Gauthier Americana Rifles & Rosary Beads
0%
2016 Nick Cave & The Bad Seeds Art Rock Skeleton Tree
0%
2013 The Wonder Years Pop Punk The Greatest Generation
0%
No matching quizzes found
Score Distribution
Percent of People with Each Score
Percentile by Number Answered
Your Score History
You have not taken this quiz